| 000 | 00761nam a2200205Ia 4500 | ||
|---|---|---|---|
| 001 | b2465-23075 [1623] | ||
| 003 | IT-MiCISF | ||
| 008 | 161014s9999||||xx |||||||||||||| ||und|| | ||
| 040 |
_aIT-MiCISF _cIT-MiCISF |
||
| 041 | _ait | ||
| 100 | _aConcetti Gino | ||
| 245 | 0 | _aSessualità, amore, procreazione | |
| 250 | _a1a ed. | ||
| 260 |
_a Milano _bARES _c1990 |
||
| 300 | _app. 376 | ||
| 500 | _a / sessualità, morale-sessuale, educazione-sessuale, persona, matrimonio, amore, coniugi, paternità, maternità, procreazione-responsabile, contraccezione, morale, procreazione-artificiale, bioetica, aborto, famiglia, matrimonio-sacramento, celebrazione-matrimonio, fede, magistero / | ||
| 650 | _apersona | ||
| 942 | _cBK | ||
| 957 | _71 | ||
| 999 |
_a23075 _bsi _g1 _c215003 _d215003 |
||